000 00477nam a2200181Ia 4500
001 10544
005 20260306161840.0
008 260306t2016||||xx |||||||||||||| ||spa||
041 _aESP
082 _a940.21
_bG79
100 _aGreenblantt, Stephen
_eAUT
245 0 _aEl giro:
_bde cómo un manuscrito olvidado contribuyó a crear el mundo moderno
260 _c2016
300 _a318 páginas :
_c23 cm.
650 _aGEN
654 _aCHU
942 _cLIB
_dJUS
_fJUS
_2ddc
_n
999 _c10544
_d10544